1979 1460 1039 1919 1131 1855 1332 1506 1452 1710 1255 1135 1884 1240 1254 1271 1962 1994 1753 1494 1863 1206 1526 1102 1778 1494 1576 1829 1734 1454 1084 1221 1457 1046 1128 1093 1891 1184 1011 1394 1100 1823 1517 1135 1721 1239 1316 1851 1676 1983 1437 1794 1375 1744 1266 1175 1025 1042 1649 1795 1769 1175 1494 1858 1923 1974 1917 1688 1746 1677 1570 1379 1850 1138 1599 1869 1967 1452 1068 1630 1150 1351 1371 1357 1470 1129 1886 1635 1930 1234 1707 1897 1146 1133 1658 1206 1367 1875 1597 BCNSPRNW ULIB Ver.6.0+V

เปลี่ยนเป็นภาษาไทย

Change to English
 แสดงรายละเอียดบรรณานุกรม
  กลับหน้าหลัก

Brief Record : Get Marc (ISO 2709) : E-mail record : QR code < ปิดหน้าต่าง
LEADER : 00000nam 2200000uu 4500
001    13399127196
003     ULIB
008    191021s2562||||th 000 0 tha d
020 ^- ^a9786164577534
050 ^- ^aนว.^bจ756ร
100 0^ aเจ้าหญิงละเมอ.
245 10 ^aรักนะครับคุณชายซกมก /^cเจ้าหญิงละเมอ.
250 ^- ^aพิมพ์ครั้งที่ 1.
260 ^- ^aกรุงเทพฯ :^bมีดี,^c2562
300 ^- ^a375 หน้า.
945    ^p300^l0^i27888
999    ^aกัณชพร จุลอักษร
รายการนี้ยังไม่มีแท็ก
คุณยังไม่ได้ล็อกอิน คุณสามารถมีกิจกรรมร่วมกับเว็บไซต์ได้ แต่ต้องล็อกอินก่อน ::
  ล็อกอิน

รายการสื่อสารสนเทศ

ลำดับที่ ประเภท เลขเรียก/บาร์โค้ด สถานที่ สถานะ
1. วิทยาศาสตร์การแพทย์ และสุขภาพ
วิทยาศาสตร์การแพทย์ และสุขภาพ
นว. จ756ร ฉ.1 
  Barcode: 27888
ห้องสมุดวิทยาเขตนครสวรรค์
►นวนิยาย:l:Fiction
บนชั้น

BibComment


ยังไม่เคยถูกคอมเมนท์

คอมเมนท์ทรัพยากรรายการนี้
  คอมเมนท์: รักนะครับคุณชายซ..


 Copyright 2026. Bcnsprnw @Library